| 000 | 01087nam a2200289 a 4500 | ||
|---|---|---|---|
| 001 | 000025272 | ||
| 005 | 20240509123003.0 | ||
| 008 | 110209s1986 sp r 000 | spa d | ||
| 040 |
_aDO-SdBNP _bspa _cBNPHU |
||
| 041 | 1 | 7 |
_aspa _heng _2Código de idioma MARC |
| 082 |
_a305.42 _bB328m |
||
| 100 | 1 |
_aBataille, Gretchen M. _951781 |
|
| 240 | 0 | 0 |
_aAmerican Indian women, telling their lives. _lEspañol |
| 245 | 1 | 3 |
_aLa mujer india americana : _bhistoria, vida, costumbres / _cGretchen M. Bataille, Kathleen Mullen Sands ; traducción José Ma. Rodelgo. |
| 260 |
_aBarcelona : _bMitre, _c1986. |
||
| 300 |
_a254 p. ; _c22 cm. |
||
| 490 | 1 | _aTextos de Antropología | |
| 534 |
_aTítulo original : _tAmerican Indian women, telling their lives. |
||
| 500 | _aBibliografía : p. 245-250 | ||
| 500 | _aIncluye índice | ||
| 650 | 4 |
_aIndígenas de américa del norte _xVida social y costumbres _951782 |
|
| 650 | 0 |
_aMujeres _913968 |
|
| 700 | 1 |
_aSands, Kathleen Mullen _951783 |
|
| 700 | 1 |
_aRodelgo, José Ma. _etr. _951784 |
|
| 830 | 0 |
_aTextos de Antropología. _951785 |
|
| 049 | _aBNGR | ||
| 999 |
_c24765 _d24765 |
||